000 00454nam a2200157 4500
001 124003
003 ES-MaACL
007 t|
008 070214s1948 ag r ||||1| spa d
100 1 _aRand, Ayn.
_995399
245 1 3 _aEl manantial /
_cAyn Rand ; traducción del inglés por Luis de Paola.
260 _aBuenos Aires :
_bArgonauta,
_c1948.
300 _a518 p. ;
_c23 cm.
700 1 _aPaola, Luis de.
_988839
852 _aES-MaACL
_jB-2294
_bR.27381
999 _c124003
_d124003